000 00298nam a2200085Ia 4500
245 0 _aEvery meal a banquet, every night a honeymoon : unforgettable African experiences
100 _a YOUNGHUSBAND, Peter L. Johannesburg, 2003
_996553
942 _cBK
008 210818s9999 xx 000 0 und d
999 _c448918
_d448917